000 00572nam a22001937a 4500
003 DO-CoUTE
005 20260414132244.0
008 260414b dr ||||| |||| 00| 0 spa d
040 _aDO-CoUTE
_bspa
_cDO-CoUTE
082 _a364.154L865f
100 1 _aLora Huchi
_eAutor
245 1 0 _aFuga o Muerte /
_cHuchi Lora
260 _aSanto Domingo :
_bEditorial de colores
_c1993
300 _a204 Paginas :
_bimágenes ;
_c23cm,
504 _aIncluye referencia bibliográfica e índice.
650 4 _ahistoria
700 1 _aHuchi Lora
_eAutor
942 _2ddc
_cBK
999 _c24103
_d24103